| 000 | 00587nam a2200181Ia 4500 | ||
|---|---|---|---|
| 003 | IN-BaIIA | ||
| 008 | 211028s9999 xx 000 0 eng d | ||
| 040 | _cIIA Library | ||
| 080 |
_a92:52 _bHOS |
||
| 100 |
_aHoskin, Michael A. _96340 |
||
| 245 | 0 |
_aWilliam Herschel and the construction of the heavens _cMichael A. Hoskin |
|
| 260 |
_aLondon _bMetropolitan Book Company Private Limited _c1963 |
||
| 300 | _a199p | ||
| 490 | _aOldbourne History of Science Library | ||
| 650 |
_aBiography _91224 |
||
| 650 | _aNASA Thesaurus | ||
| 942 | _cBK | ||
| 999 |
_c3581 _d3581 |
||